| 000 | 00382nam a22001577a 4500 | ||
|---|---|---|---|
| 003 | OSt | ||
| 005 | 20211208105142.0 | ||
| 008 | 211208b |||||||| |||| 00| 0 eng d | ||
| 020 | _a139780415775625 | ||
| 040 |
_aHU _cDDC |
||
| 082 | _a305.42091724/MOM | ||
| 245 | _aGENDER AND DEVELOPMENT | ||
| 260 |
_aLONDON _bROUTLEDGE _c2O1O |
||
| 300 | _aXIV,277P,18CM | ||
| 942 |
_2ddc _cBOOKS _n0 |
||
| 999 |
_c21783 _d21783 |
||